Horizonálna a vertikálna diverzifikácia znalostí: základ strategickej iniciatívy a konkurenčnej spôsobilosti národohospodárskeho komplexu
Inovácie a konkurenčná výhoda. Základy orientácie v oblasti boja o strategickú iniciatívu a získanie konkurenčnej výhody. Ovládanie a efektívne využívanie IKT, informačných systémov a kognitívnych zručností ako nevyhnutný prvok získania konkurenčnej výhody. Predbežné úvahy o perturbáciách trhu spôso...
Salvato in:
| Autore principale: | |
|---|---|
| Natura: | Capitolo di libro |
| Lingua: | slovacco |
| Soggetti: | |
| Tags: |
Nessun Tag, puoi essere il primo ad aggiungerne!!
|
MARC
| LEADER | 00000naa$a2200000$$$4500 | ||
|---|---|---|---|
| 001 | 0165721 | ||
| 005 | 20240502072904.4 | ||
| 041 | 0 | |a slo | |
| 044 | |a SK | ||
| 245 | 1 | 0 | |a Horizonálna a vertikálna diverzifikácia znalostí: základ strategickej iniciatívy a konkurenčnej spôsobilosti národohospodárskeho komplexu |c Ladislav Andrášik |
| 520 | |a Inovácie a konkurenčná výhoda. Základy orientácie v oblasti boja o strategickú iniciatívu a získanie konkurenčnej výhody. Ovládanie a efektívne využívanie IKT, informačných systémov a kognitívnych zručností ako nevyhnutný prvok získania konkurenčnej výhody. Predbežné úvahy o perturbáciách trhu spôsobených novými produktmi v podmienkach globálnej vedomostnej spoločnosti. Príklad komplikácií, ktorým čelí výrobca úplne nového tovaru. | ||
| 610 | 2 | 0 | |a inovácia |
| 610 | 2 | 0 | |a výhody konkurenčné |
| 610 | 2 | 0 | |a technológie informačné |
| 610 | 2 | 0 | |a technológie komunikačné |
| 610 | 2 | 0 | |a výrobky nové |
| 610 | 2 | 0 | |a spoločnosť vedomostná |
| 100 | 1 | |a Andrášik, Ladislav | |